| 000 | 00333nam a22001337a 4500 | ||
|---|---|---|---|
| 008 | 250320b |||||||| |||| 00| 0 eng d | ||
| 020 | _a9780323081978 | ||
| 050 |
_aRC78.7 _b.U4 |
||
| 100 | _aHedrick Wayne | ||
| 245 | _aTechnology for diagnostic sonography | ||
| 260 |
_aMissouri _bElsevier _c2013 |
||
| 300 | _aviii,194p | ||
| 942 | _cBK | ||
| 999 |
_c2563 _d2563 |
||